LEADER 01545cam0-22004931i-450 001 990007754310403321 005 20230418111909.0 035 $a000775431 035 $aFED01000775431 035 $a(Aleph)000775431FED01 100 $a20030814d1973----km-y0itay50------ba 101 0 $aita 102 $aIT 105 $ay-------001yy 200 1 $aApologia della storia giuridica$fBruno Paradisi 210 $aBologna$cil Mulino$dİ1973 215 $a543 p.$d22 cm 225 1 $aSaggi il Mulino$v129 300 $aIn coop. : Una interpretazione della storia del diritto come storia umana, una storia che dia ragione non soltanto di origini e di svolgimenti istituzionali, ma ne chiarisca il significato al lume della storia generale dell'uomo 610 0 $aDiritto - Storiografia 676 $a340 676 $a340.1 676 $a340.09 700 1$aParadisi,$bBruno$0180011 801 0$aIT$bUNINA$gRICA$2UNIMARC 901 $aBK 912 $a990007754310403321 952 $aDPR 6/306$b4691$fDEC 952 $aXI D P 6$bs.i.$fDFD 952 $a19-I-335$b1247$fDDCP 952 $a340.09 PAR 1 BIS$bBIBL. 48888$fNAP03 952 $a340.09 PAR 1$bST.MED.MOD. 8640$fFLFBC 952 $aCOLLEZ.117 (129)$b25483*$fFGBC 952 $aPecoraro Albani P42$b5819$fDSPCP 952 $aFL PRI 31$bFL-1015$fDECBC 959 $aDDCP 959 $aFLFBC 959 $aFGBC 959 $aDFD 959 $aDSPCP 959 $aNAP03 959 $aDECBC 996 $aApologia della storia giuridica$9210916 997 $aUNINA LEADER 00983nam0-22003251i-450 001 990004482520403321 005 20240923132300.0 035 $a000448252 035 $aFED01000448252 035 $a(Aleph)000448252FED01 035 $a000448252 100 $a19990530d1964----km-y0itay50------ba 101 2 $aita 105 $ay-------001yy 200 1 $a<>dialoghi$eL'apologia e le epistole$fPlatone$gversione e interpretazione di Enrico Turolla 205 $a2. ed. 210 $aMilano$cRizzoli Editore$d1964 215 $a3 v.$d19 cm 500 1 $a 610 0 $aPlatone$aDialoghi 676 $a184 700 1$aPlato$f<427-347 a. C.>$0292329 702 1$aTurolla,$bEnrico$f<1896-1985> 801 0$aIT$bUNINA$gRICA$2UNIMARC 901 $aBK 912 $a990004482520403321 952 $a184 PLAT 040 (1-3)$bbibl.41424$fFLFBC 959 $aFLFBC 996 $aApologia Socratis Epistulae, in italiano$949475 997 $aUNINA